000 02812cam a2200241 4500500
005 20260111082238.0
041 _afre
042 _adc
100 1 0 _aAras, Melis
_eauthor
245 0 0 _aL’application du principe de précaution en droit de l’environnement en Turquie : to be, or not to be
260 _c2021.
500 _a54
520 _aAu cours des quarante dernières années, de très nombreuses réformes institutionnelles et normatives ont été effectuées en droit turc. Diverses matières ont été touchées par une vague d’européanisation des politiques, le droit de l’environnement en fait ainsi partie. En reconnaissant à chacun « le droit de vivre dans un environnement sain et équilibré » dans sa Constitution dès 1982, le droit turc a commencé à tisser un cadre juridique beaucoup plus protecteur de l’environnement qu’auparavant. La loi sur l’environnement de 1983 est venue appuyer cette consécration constitutionnelle. Le droit de l’environnement turc, notamment face aux défis du 21e siècle, n’est pourtant pas tout à fait doté des mécanismes et instruments juridiques. L’absence de consécration du principe de précaution en droit turc en constitue un exemple. Cependant, sa mise en œuvre devient possible tant par le biais des réglementations sectorielles que par l’office du juge.
520 _aOver the last forty years, many institutional and normative reforms have been carried out in Turkish law. Various issues have been affected by a wave of the Europeanization of policies, environmental law included. By admitting to everyone "the right to live in a healthy and balanced environment" in its constitution as early as 1982, Turkish law has begun to build a legal framework much more protective of the environment than before. The main legal framework is set out in Environment Act which came into force in 1983 for supporting this constitutional achievement. But, especially considering the challenges of the 21st century, Turkish environmental law is not entirely provided with legal mechanisms and instruments. The non-recognition of the precautionary principle is an example of this. However, the precautionary principle can be enforced both through sectoral regulations and through judgment.
690 _adroit de l’environnement turc
690 _aprincipe de précaution
690 _aprotection de l’environnement et de la santé humaine
690 _aprecautionary principle
690 _aprotection of the environment and human health
690 _aTurkish environmental law
786 0 _nRevue juridique de l’environnement | Volume 46 | 1 | 2021-04-09 | p. 105-122 | 0397-0299
856 4 1 _uhttps://droit.cairn.info/revue-juridique-de-l-environnement-2021-1-page-105?lang=fr&redirect-ssocas=7080
999 _c1617179
_d1617179